| 000 | 00957cam a22003137a 4500 | ||
|---|---|---|---|
| 003 | CHAP | ||
| 005 | 20220817042120.0 | ||
| 008 | 971013s1930 r 00010 d | ||
| 010 | _a35114 | ||
| 011 | _a36086 | ||
| 035 | _a40205 | ||
| 040 | _cCHAP | ||
| 090 | _aFolleto 6018 | ||
| 110 |
_aMéxico. Oficina para la Defensa Agrícola _977080 |
||
| 245 | 1 | 3 | _aLa plaga de las tuzas y manera de combatirlas |
| 260 |
_aMéxico, D.F. : _b(s.e), _c1930 |
||
| 300 |
_a19 p. _b: ilus |
||
| 490 | 0 |
_aBoletín de divulgación _v; 9 |
|
| 590 |
_aBATCH-UPD _b10 _c20130110 _lUCH01 _h1142 |
||
| 590 |
_aBATCH-UPD _b10 _c20130410 _lUCH01 _h0727 |
||
| 590 |
_aBATCH-UPD _b10 _c20130914 _lUCH01 _h0023 |
||
| 590 |
_aCONVERSION _b10 _c20130109 _lUCH01 _h1320 |
||
| 650 | 1 | 4 |
_aAgricultura _xPlagas. _91764 |
| 650 | 1 | 4 |
_aTuzas. _9115712 |
| 830 | 0 |
_aBoletín de divulgación _v; 9 |
|
| 901 | _aBK | ||
| 942 | _cFOLL | ||
| 949 |
_aFolleto 6018 _bBC _cBPP _d-91801 _eBPP _i40205 _mD _si |
||
| 999 |
_c35114 _d35114 |
||